Nanofibers and nanotechnology in textiles / (Record no. 10190)

MARC details
000 -LEADER
fixed length control field 00800nam a22002177a 4500
090 ## - LOCALLY ASSIGNED LC-TYPE CALL NUMBER (OCLC); LOCAL CALL NUMBER (OCLC)
-- 10190
008 - FIXED-LENGTH DATA ELEMENTS--GENERAL INFORMATION
fixed length control field 080921t xxu||||| |||| 00| 0 eng d
020 ## - INTERNATIONAL STANDARD BOOK NUMBER
International Standard Book Number 9781420044492
082 ## - DEWEY DECIMAL CLASSIFICATION NUMBER
Edition number 22
Classification number 677
Item number NAN
245 ## - TITLE STATEMENT
Title Nanofibers and nanotechnology in textiles /
Statement of responsibility, etc edited by P.J. Brown and K. Stevens
260 ## - PUBLICATION, DISTRIBUTION, ETC. (IMPRINT)
Place of publication, distribution, etc Cambridge :
Name of publisher, distributor, etc Woodhead Publishing, in association with The Textile Institute, 2007.
Date of publication, distribution, etc 2007
300 ## - PHYSICAL DESCRIPTION
Extent xvi, 528 p. :
Other physical details ill. ;
Dimensions 25 cm.
500 ## - GENERAL NOTE
General note Includes bibliographical references and index.
650 ## - SUBJECT ADDED ENTRY--TOPICAL TERM
9 (RLIN) 517
Topical term or geographic name as entry element Nanostructured materials
650 ## - SUBJECT ADDED ENTRY--TOPICAL TERM
9 (RLIN) 519
Topical term or geographic name as entry element Nanotechnology
650 ## - SUBJECT ADDED ENTRY--TOPICAL TERM
9 (RLIN) 521
Topical term or geographic name as entry element Textile industry
650 ## - SUBJECT ADDED ENTRY--TOPICAL TERM
9 (RLIN) 520
Topical term or geographic name as entry element Textile fabrics
700 ## - ADDED ENTRY--PERSONAL NAME
9 (RLIN) 515
Personal name Brown, P. J.
Dates associated with a name 1963-
Fuller form of name (Philip John),
700 ## - ADDED ENTRY--PERSONAL NAME
9 (RLIN) 516
Personal name Stevens, K.
Dates associated with a name 1963-
Fuller form of name (Philip John),
942 ## - ADDED ENTRY ELEMENTS (KOHA)
Source of classification or shelving scheme Dewey Decimal Classification
Item type Book - Borrowing
Holdings
Withdrawn status Item status Source of classification or shelving scheme Damaged status Not for loan Home library Current library Shelving location Date acquired Source of acquisition Total Checkouts Full call number Barcode Date last seen Date last borrowed Koha item type
    Dewey Decimal Classification     Central Library Central Library First floor 21/09/2008 Purchase 2 677 NAN 000013642 15/07/2025 02/02/2021 Book - Borrowing